| 000 | 00640nam a22002177a 4500 | ||
|---|---|---|---|
| 999 |
_c2669 _d2669 |
||
| 003 | AR-CdUCM | ||
| 008 | 190305b ||||| |||| 00| 0 spa d | ||
| 040 |
_aMUNICIPALIDAD PROVINCIAL DEL CUSCO _cBIBLIOTECA MUNICIPAL DEL CUSCO |
||
| 041 | _hrus | ||
| 082 |
_a891.73 / _bE73 |
||
| 100 |
_aErenburg, Elias _99378 |
||
| 245 |
_aCitroen 10HP : _bcrónica de nuestro tiempo / |
||
| 260 |
_aBuenos Aires : _bEdit. Claridad, _c[1900?] |
||
| 300 |
_a180 páginas _c18 cm. |
||
| 440 |
_aColección Claridad _99379 |
||
| 650 |
_aNovela Rusa _99380 |
||
| 650 |
_aSiglo XX _98 |
||
| 650 |
_aLiteratura _9416 |
||
| 942 |
_2ddc _cLIBROS |
||
| 945 | _admma | ||